000 00694cam a22002533a 4500
001 18831
003 PGUSA
005 20140828083412.0
008 060715s2006||||xxu|||||s|||||000 1 eng d
040 _aPGUSA
_beng
042 _adc
050 4 _aPS
100 1 _aPiper, H. Beam,
_d1904-1964
245 1 0 _aTime and Time Again
_h[electronic resource] /
_cH. Beam Piper
260 _bProject Gutenberg,
_c2006
506 _aPublic domain in the USA.
516 _aElectronic text
653 _aShort stories
653 _aScience fiction
700 1 _aNapoli, Vincent,
_d1907-1981
830 0 _aProject Gutenberg
_v18831
856 4 0 _uhttp://www.gutenberg.org/ebooks/18831
942 _cEB
999 _c248086
_d248086